| 000 | 00604nam a2200181Ia 4500 | ||
|---|---|---|---|
| 003 | LK-CoDNM | ||
| 008 | 010623t2000 xxu||||| |||| 00| 1 sin d | ||
| 040 |
_aLK-CoDNM _dLK-CoDNM _eLK-CoDNM |
||
| 041 | _asin | ||
| 080 | _aX 398 MAH | ||
| 100 |
_aDinapala,Padma Rohini _eed. |
||
| 245 | _aමහමෙවුනාවේ නාග කුමාරි ඇතුළු රජරට ජනකථා | ||
| 246 | _aMahamevnawe Naga Kumari Etulu Rajarata Janakatha | ||
| 260 |
_bDepartment of Cultural Affairs _aBathtaramulla _c2000 |
||
| 300 | _b289p, 21 cm | ||
| 700 | _aParanavithana ,Rohoni | ||
| 942 | _cBK | ||
| 999 |
_c120540 _d120540 |
||